| 000 | 00866cam a22002413a 4500 | ||
|---|---|---|---|
| 001 | 19559 | ||
| 003 | PGUSA | ||
| 005 | 20140828083420.0 | ||
| 008 | 061016s2006||||xxu|||||s|||||000 | eng d | ||
| 040 |
_aPGUSA _beng |
||
| 042 | _adc | ||
| 050 | 4 | _aPA | |
| 100 | 1 |
_aSophocles, _d-496--406 |
|
| 245 | 1 | 0 |
_aBook of illustrations : _bAncient Tragedy _h[electronic resource] / _cSophocles |
| 260 |
_bProject Gutenberg, _c2006 |
||
| 505 | 0 | _aStory of Orestes / Aeschylus -- Electra / Sophocles -- Electra / Euripides -- Alcestis / Euripides -- The Cyclops / Euripides -- The Bacchanals / Euripides -- Miscellaneous passages. | |
| 506 | _aPublic domain in the USA. | ||
| 516 | _aElectronic text | ||
| 653 | _aGreek drama (Tragedy) -- Translations into English | ||
| 830 | 0 |
_aProject Gutenberg _v19559 |
|
| 856 | 4 | 0 | _uhttp://www.gutenberg.org/ebooks/19559 |
| 942 | _cEB | ||
| 999 |
_c248814 _d248814 |
||